00859nam a2200205 a 450000100100000000500170001000800410002704000250006808200190009310000400011224501230015226000700027530000260034550000210037150000370039265000440042970000490047395201160052299900150063800000220820200929150155.0090701s2004 dr 000 0 spa d aDO-SdBNPbspacBNPHU a346.074bH565e1 aHerrera Pellerano, Hipólito9706313aEl embargo inmobiliario :bley 6186 de 1963 /cHipólito Herrera Pellerano ; prólogo Juan Manuel Pellerano Gómez. aSanto Domingo, :bAsociación Hipólito Herrera Billini,c2004. a153, xlv p. ;c23 cm. aIncluye índice aIncluye notas a pie de páginas 4aEmbargo preventivoxLegislación970641 aPellerano Gómez, Juan Manuelepról97065 0010718PDaPDbPDcCTd2009-07-01iLF1l0o346.074 H565ep2208-10r2020-06-25w2020-06-25yLFPDZNo se presta c2056d2056